Identify the Bond film from the Doctor - Statistics

General Stats
  • This quiz has been taken 25 times
    21 since last reset
  • The average score is 9 of 16
Answer Stats
Hint Film % Correct
Dr. Julius No (Nuclear Scientist) Dr. No
100%
Dr. Kananga (Politician) Live And Let Die
88%
Dr Holly Goodhead (Scientist / Astronaut) Moonraker
88%
Dr. Christmas Jones (Nuclear Physicist) The World Is Not Enough
81%
Dr. Madeleine Swann (Psychiatrist) Spectre/ No Time To Die
69%
Dr. Kaufman (Assassin / Doctor of Forensic Medicine) Tomorrow Never Dies
69%
Dr. Metz (Laser Specialist) Diamonds Are Forever
44%
Dr. Vogel (SPECTRE agent) Spectre / No Time To Die
44%
Dr. Molly Warmflash (Physician) The World Is Not Enough
44%
Dr. Carl Mortner (Geneticist) A View To A Kill
38%
Dr. Tynan (Dental Surgeon) Diamonds Are Forever
38%
Dr. Alvarez (Gene Therapist) Die Another Day
38%
Dr. Hall (MI6 Psychiatrist) Skyfall
38%
Dr. Bechmann (Research Scientist) The Spy Who Loved Me
38%
Dr. Mikhail Arkov (Nuclear Physicist) The World Is Not Enough
38%
Dr. Dave Greenwalt (GPS Expert) Tomorrow Never Dies
13%
No matching quizzes found
Score Distribution
Percent of People with Each Score
Percentile by Number Answered
Your Score History
You have not taken this quiz since the last reset